Buffy Episodes by Screenshot (Slideshow) (Part 1) Quiz Stats

Quiz not verified by Sporcle

Score 0/36 Timer 12:00
0 Plays Today
% Correct
Once More, with Feeling
94.9%
Hush
91.3%
Anne
90.9%
Halloween
90.7%
Beer Bad
89.2%
The Prom
85.8%
Band Candy
84.5%
Chosen
84.4%
Doppelgangland
84.2%
Angel
83.3%
The Gift
82.9%
Something Blue
81.9%
Welcome to the Hellmouth
81.1%
Go Fish
80%
Tabula Rasa
80%
Hell's Bells
78.9%
Witch
78.8%
Passion
76%
% Correct
Superstar
75.8%
The Freshman
75.7%
School Hard
75.1%
Gingerbread
75%
When She Was Bad
74.4%
The Body
73%
The Harvest
72.8%
Family
72.6%
Nightmares
72.5%
The Puppet Show
72.3%
Buffy vs. Dracula
70.6%
Restless
69.9%
Pangs
69.5%
Bewitched, Bothered and Bewildered
69.4%
Living Conditions
68.9%
Grave
67.2%
Primeval
60.9%
As You Were
56.6%

You're not logged in!

Compare scores with friends on all Sporcle quizzes.
Sign Up with Email
OR
Log In

You Might Also Like...

Show Comments

Extras

Top Quizzes Today


Score Distribution

Your Account Isn't Verified!

In order to create a playlist on Sporcle, you need to verify the email address you used during registration. Go to your Sporcle Settings to finish the process.